| 000 | 00866nam a2200253 a 4500 | ||
|---|---|---|---|
| 005 | 20220606085233.0 | ||
| 008 | 991125m19992005mx 000 0 spa u | ||
| 020 | _a9682316901 | ||
| 035 | _aUPN01000035067 | ||
| 049 | _aCG | ||
| 050 | 4 |
_aF1232 _bH3.48 1999 |
|
| 100 | 1 |
_aHale, Charles Adams, _d1930-2008 _931062 |
|
| 245 | 1 | 3 |
_aEl liberalismo mexicano en la época de Mora (1821-1853) / _cpor Charles A. Hale ; tr. de Sergio Fernández Bravo. |
| 250 | _a14a ed. | ||
| 260 |
_aMéxico : _bSiglo XXI, _c1999 (2005 impr.). |
||
| 300 | _avii, 347 p. | ||
| 440 | 0 | _aHistoria | |
| 500 | _aBibliografía básica (BGTQ) | ||
| 500 | _aUn ejemplar se encuentra en el "Area de Reserva" | ||
| 651 | 2 |
_aMéxico _xHistoria _y1821-1861 _94624 |
|
| 651 | 4 |
_aMEXICO - _xPOLITICA Y GOBIERNO - _y1821-1861 _94436 |
|
| 600 | 1 | 4 |
_aMORA, JOSE MARIA LUIS, _d1794-1850 |
| 905 | _aLibro | ||
| 999 |
_c35067 _d35067 |
||